| 000 | 01323nam a2200349 i 4500 | ||
|---|---|---|---|
| 001 | 000037859 | ||
| 003 | DO-SdBNP | ||
| 005 | 20240417183536.0 | ||
| 007 | ta | ||
| 008 | 130307s2012 dr 000 0 spa d | ||
| 020 | _a9789945443929 volumen | ||
| 020 | _a9789945443622 serie | ||
| 040 |
_aDO-SdBNP _bspa _cBNPHU _erda |
||
| 082 | 4 |
_a339.5 _bA577m _222 |
|
| 100 | 1 |
_aAndújar Scheker, Julio G., _d1966- _eautor _964308 |
|
| 245 | 1 | 0 |
_aMacroeconomía aplicada : _beconomía política de las reformas en República Dominicana / _cJulio G. Andújar Scheker ; prólogo Rolando Guzmán |
| 264 | 1 |
_aSanto Domingo : _bBanco Central de la República Dominicana, _c2012. |
|
| 300 |
_a467 páginas ; _c24 cm. |
||
| 336 |
_2rdacontent _atexto _btxt |
||
| 337 |
_2rdamedia _asin mediación _bn |
||
| 338 |
_2rdacarrier _avolumen _bnc |
||
| 490 | 1 |
_aBanco Central de la República Dominicana ; _v186 |
|
| 490 | 1 |
_aCiencias sociales ; _v31 |
|
| 500 | _aIncluye datos biográficos del autor en las solapas | ||
| 590 | _aInventariado, 2018/BT | ||
| 650 | 0 |
_aMacroeconomía _922952 |
|
| 651 | 4 |
_aRepública Dominicana _xPolítica económica _9643 |
|
| 651 | 4 |
_aRepública Dominicana _xCondiciones eonómicas _9281 |
|
| 700 | 1 |
_aGuzmán, Rolando, _eprólogo _983823 |
|
| 910 | _aValidado. Control de calidad. MFF | ||
| 942 |
_2ddc _cLBS1 |
||
| 999 |
_c37349 _d37349 |
||